000 00355 a2200169 4500
001 164566
020 _a85-08-06865-4
040 _cMagnum
100 _aMachado, Ana Maria
240 1 0 _aUma vontade louca
_lpor
245 1 0 _aUma vontade louca
300 _a140
362 0 _a1998
440 1 _aÁtica
697 _aLITERATURA JUVENIL
942 _cBK
999 _c164566
_d164566